000 00316nam a22001337a 4500
008 170616b xxu||||| |||| 00| 0 eng d
020 _a9789280811100
041 _aeng
080 _a327
100 _a20
101 _aSHP
245 _aINTERNATIONAL COMMISSIONS AND THE POWER OF IDEAS
_cTHAKUR,R
942 _2udc
_cBK
999 _c17811
_d17811